00731nam a2200193 a 4500008004100000020001500041050001400056100002200070245008100092260004200173300001500215350000900230490002800239500001700267650001400284995009200298999001700390952013000407060316s1969 ||||||||||||||||| || u a0471165794 aDT 31 Par aCollins, Robert O14aThe partition of Africa: illusion or necessity?cedited by Robert O. Collins aNew York :bJohn Wiley and Sonsc1969 axi, 239 p. a0.00 aMajor issues in history aBibliography aTEXTBOOKS D0.00FCBU-MAIN LIBRARY (Kitwe)H1I8.95UAVAILABLEZMain Library Open Access Collection c53149d53149 00102lcc4070a001b001cMain Library Open Access Collectiond2022-11-30l0oDT 31 Parp000725r2022-11-30w2022-11-30y002